<?xml version="1.0" encoding="UTF-8"?>
<record
    xmlns:xsi="http://www.w3.org/2001/XMLSchema-instance"
    xsi:schemaLocation="http://www.loc.gov/MARC21/slim http://www.loc.gov/standards/marcxml/schema/MARC21slim.xsd"
    xmlns="http://www.loc.gov/MARC21/slim">

  <leader>01766njm a22003257a 4500</leader>
  <controlfield tag="005">2010091304214.0</controlfield>
  <controlfield tag="006">a|||||r|||||00| 0 </controlfield>
  <controlfield tag="007">sd ammalaaahaa</controlfield>
  <controlfield tag="008">100910t        xxu||||| |||| 00| 0 eng d</controlfield>
  <datafield tag="028" ind1=" " ind2=" ">
    <subfield code="a">BOEC-8757</subfield>
    <subfield code="b">ODEON</subfield>
  </datafield>
  <datafield tag="035" ind1=" " ind2=" ">
    <subfield code="a">GR-02090</subfield>
  </datafield>
  <datafield tag="040" ind1=" " ind2=" ">
    <subfield code="a">SED/VEN</subfield>
  </datafield>
  <datafield tag="100" ind1=" " ind2=" ">
    <subfield code="9">1184</subfield>
    <subfield code="a">Kishore Kumar  </subfield>
  </datafield>
  <datafield tag="245" ind1=" " ind2=" ">
    <subfield code="a">Aansoo aor muskan/</subfield>
    <subfield code="c">Sung  by Kishor Kumar , Mahendra Kapoor ;MusicKaliyan anand ji Ananand Ji ; Lyric Qumar Jalala badi, Indiver</subfield>
    <subfield code="h">Hindi  film</subfield>
  </datafield>
  <datafield tag="246" ind1=" " ind2=" ">
    <subfield code="a">&#x906;&#x902;&#x938;&#x942;  &#x913;&#x930;  &#x92E;&#x941;&#x938;&#x94D;&#x915;&#x93E;&#x928;( &#x915;&#x93F;&#x936;&#x94B;&#x930;  &#x915;&#x941;&#x92E;&#x93E;&#x930;)</subfield>
  </datafield>
  <datafield tag="260" ind1=" " ind2=" ">
    <subfield code="a">Dum Dum, India</subfield>
    <subfield code="b">ODEON</subfield>
    <subfield code="c">1970</subfield>
  </datafield>
  <datafield tag="300" ind1=" " ind2=" ">
    <subfield code="a">1 sound disc : [Gramophone Record]</subfield>
    <subfield code="b">analog, 45 rpm</subfield>
    <subfield code="c">7 in.</subfield>
    <subfield code="f">Gramophone Records</subfield>
  </datafield>
  <datafield tag="500" ind1=" " ind2=" ">
    <subfield code="a">Brief record.</subfield>
  </datafield>
  <datafield tag="500" ind1=" " ind2=" ">
    <subfield code="a">ODOEN</subfield>
  </datafield>
  <datafield tag="500" ind1=" " ind2=" ">
    <subfield code="a">Black</subfield>
  </datafield>
  <datafield tag="505" ind1=" " ind2=" ">
    <subfield code="a">&#x92A;&#x93E;&#x930;&#x94D;&#x91F; &#x967;  &#x917;&#x941;&#x928;&#x940; &#x91C;&#x93E;&#x928;&#x94B; &#x92D;&#x917;&#x924; &#x91C;&#x93E;&#x928;&#x94B; ( &#x906;&#x902;&#x938;&#x942;  &#x913;&#x930;  &#x92E;&#x941;&#x938;&#x94D;&#x915;&#x93E;&#x928; )&#x915;&#x93F;&#x936;&#x94B;&#x930;  &#x915;&#x941;&#x92E;&#x93E;&#x930;, &#x92E;&#x939;&#x947;&#x902;&#x926;&#x94D;&#x930;  &#x915;&#x92A;&#x942;&#x930; &#x915;&#x932;&#x93F;&#x92F;&#x93E;&#x901;&#x928; &#x91C;&#x940;,&#x906;&#x928;&#x902;&#x926; &#x91C;&#x940;  &#x905;&#x928;&#x93E;&#x928;&#x902;&#x926;  &#x91C;&#x940;  ;&#x915;&#x941;&#x92E;&#x93E;&#x930;  &#x91C;&#x932;&#x93E;&#x932;  &#x92C;&#x921;&#x93C;&#x940; , &#x907;&#x928;&#x94D;&#x926;&#x940;&#x935;&#x930; Guni jano bhagat jano( Aansoo aor muskan) Kishor Kumar  ;Kaliyan  ji ,Ananand Ji ; Qumar Jalala badi &#x92A;&#x93E;&#x930;&#x94D;&#x91F;   &#x968;  &#x928;&#x947;&#x915;&#x940;  &#x924;&#x947;&#x930;&#x947;  &#x938;&#x93E;&#x925;  &#x92E;&#x939;&#x93F;&#x902;&#x926;&#x94D;&#x930;&#x93E;  &#x915;&#x92A;&#x942;&#x930; )( &#x907;&#x928;&#x94D;&#x926;&#x940;&#x935;&#x930; ,Part 2 Neki tere sath Mahindra kapoor)( Indiver)</subfield>
  </datafield>
  <datafield tag="650" ind1=" " ind2=" ">
    <subfield code="x">Excerpts</subfield>
    <subfield code="z">India</subfield>
    <subfield code="9">19370</subfield>
    <subfield code="a">Classical music</subfield>
    <subfield code="v">Filmi song</subfield>
  </datafield>
  <datafield tag="700" ind1=" " ind2=" ">
    <subfield code="a">Mahender kapoor</subfield>
    <subfield code="9">19754</subfield>
  </datafield>
  <datafield tag="700" ind1=" " ind2=" ">
    <subfield code="9">19787</subfield>
    <subfield code="a">Kaliyan ji </subfield>
  </datafield>
  <datafield tag="700" ind1=" " ind2=" ">
    <subfield code="a">Ananad ji</subfield>
    <subfield code="9">19848</subfield>
  </datafield>
  <datafield tag="700" ind1=" " ind2=" ">
    <subfield code="a">Indiver</subfield>
    <subfield code="9">19849</subfield>
  </datafield>
  <datafield tag="700" ind1=" " ind2=" ">
    <subfield code="a">Qumar jalalabadi</subfield>
    <subfield code="9">19850</subfield>
  </datafield>
  <datafield tag="942" ind1=" " ind2=" ">
    <subfield code="2">ddc</subfield>
    <subfield code="c">GR</subfield>
  </datafield>
  <datafield tag="999" ind1=" " ind2=" ">
    <subfield code="c">45535</subfield>
    <subfield code="d">45535</subfield>
  </datafield>
  <datafield tag="952" ind1=" " ind2=" ">
    <subfield code="0">0</subfield>
    <subfield code="1">0</subfield>
    <subfield code="2">ddc</subfield>
    <subfield code="4">0</subfield>
    <subfield code="7">1</subfield>
    <subfield code="8">NFIC</subfield>
    <subfield code="a">L</subfield>
    <subfield code="b">L</subfield>
    <subfield code="d">2010-09-13</subfield>
    <subfield code="e">SED/VEN</subfield>
    <subfield code="l">0</subfield>
    <subfield code="p">GR-02090</subfield>
    <subfield code="r">2010-09-13 00:00:00</subfield>
    <subfield code="t">1</subfield>
    <subfield code="w">2010-09-13</subfield>
    <subfield code="y">GR</subfield>
  </datafield>
</record>
